| 000 | 00721nam a2200193Ia 4500 | ||
|---|---|---|---|
| 003 | GCL | ||
| 008 | 140319s9999 xx 000 0 ara d | ||
| 020 | _a9776701977 | ||
| 040 |
_aGCL / _cGCL |
||
| 082 | 0 | 4 |
_aق _b962.42 _bت ح |
| 100 | 1 | _aتشرشل، ونستون | |
| 245 | 1 | 0 |
_aحرب النهر : _bتاريخ الثورة المهدية / _cتشرشل، ونستون |
| 260 |
_aالقاهرة : _bالهيئة المصرية العامة للكتاب ، _c2002 |
||
| 300 |
_a341 ص ؛ _c24 سم |
||
| 490 |
_aتاريخ المصريين _v221 |
||
| 650 | 0 | 4 | _aحرب النهر |
| 650 | 0 | 4 | _aالسودان - تاريخ - العصر الحديث - الثورة المهدية ( 1882 - 1899 ) |
| 942 |
_2ddc _cBK |
||
| 999 |
_c58169 _d58169 |
||